The Art of Communicating /
Enregistré dans:
| Auteur principal: | |
|---|---|
| Autres auteurs: | , , |
| Format: | Sách giấy |
| Langue: | English |
| Publié: |
New York :
Macmillan,
1955.
|
| Tags: |
Ajouter un tag
Pas de tags, Soyez le premier à ajouter un tag!
|
| Thư viện lưu trữ: | Thư viện Trường Đại học Đà Lạt |
|---|
| LEADER | 00723nam a2200301 4500 | ||
|---|---|---|---|
| 001 | DLU100109094 | ||
| 005 | ##20100614 | ||
| 040 | # | # | |a DLU |b vie |
| 041 | # | # | |a eng |
| 044 | # | # | |a us |
| 082 | # | # | |a 407 |b Art |
| 100 | # | # | |a Pollock, Thomas Clark. |
| 245 | # | # | |a The Art of Communicating / |c Thomas Clark Pollock,...[et all]. |
| 260 | # | # | |a New York : |b Macmillan, |c 1955. |
| 300 | # | # | |a xi, 449 p. ; |c 24 cm. |
| 700 | # | # | |a Doll, Ronald C. |
| 700 | # | # | |a Ledbetter, Frances. |
| 700 | # | # | |a Sheridan, Marion C. |
| 923 | # | # | |a 100/2010 |
| 992 | # | # | |a 0 |
| 994 | # | # | |a DLU |
| 900 | # | # | |a True |
| 911 | # | # | |a Lý Thị Hồng Hạnh |
| 925 | # | # | |a G |
| 926 | # | # | |a A |
| 927 | # | # | |a SH |
| 980 | # | # | |a Thư viện Trường Đại học Đà Lạt |